000 00639nam a22002057a 4500
003 0
005 20250829083957.0
008 250829b xxu||||| |||| 00| 0 eng d
020 _a978-1-032-22272-1
050 _aPN 1581
_b.A55 2025
100 _aAllain, Paul,
_eauthor.
245 _aThe Routledge companion to theatre and performance /
_cPaul Allain and Jen Harvie.
250 _aThird edition.
260 _aNew York, NY :
_bRoutledge,
_c2025.
300 _axii, 324 pages ;
_c24 cm.
504 _aIncludes bibliographical references and index.
650 _aPerforming arts.
700 _aHarvie, Jen,
_eauthor.
942 _2lcc
_cBK
999 _c367670
_d367670